MARC

LEADER 00000nam2a2200000 4500
001 377511
005 20250917071651.0
010 |a 5751114566 
035 |a (RuTPU)RU\TPU\retro\34962 
035 |a RU\TPU\book\62608 
090 |a 377511 
100 |a 20230315d2002 m y0rusy50 ca 
101 0 |a rus 
102 |a RU 
105 |a a j 000zy 
200 0 |a Ч. 1 : Механика. Молекулярная физика. Термодинамика 
210 |d 2002 
215 |a 502 с.  |c ил. 
461 1 |0 42560  |9 42560  |a Тюрин, Юрий Иванович  |t Физика  |o учебное пособие для вузов  |f Ю. И. Тюрин, И. П. Чернов, Ю. Ю. Крючков  |c Томск  |n Изд-во Томского ун-та  |d 2002-2005  |v Ч. 1 : Механика. Молекулярная физика. Термодинамика 
606 1 |a Физика  |2 stltpush  |3 (RuTPU)RU\TPU\subj\63709  |9 80688 
606 1 |a Механика  |2 stltpush  |3 (RuTPU)RU\TPU\subj\67812  |9 83462 
606 1 |a Молекулярная физика  |2 stltpush  |3 (RuTPU)RU\TPU\subj\44299  |9 63655 
606 1 |a Термодинамика  |2 stltpush  |3 (RuTPU)RU\TPU\subj\59922  |9 77416 
610 1 |a учебные пособия 
610 1 |a кинематика 
610 1 |a динамика 
610 1 |a законы Ньютона 
610 1 |a тяготение 
610 1 |a мощность 
610 1 |a энергия 
610 1 |a вращательные движения 
610 1 |a теория относительности 
610 1 |a молекулярная физика 
610 1 |a распределение Максвелла 
610 1 |a распределение Больцмана 
610 1 |a перенос 
610 1 |a газы 
610 1 |a жидкости 
610 1 |a труды учёных ТПУ 
675 |a 53(075.8)  |v 3 
675 |a 531(075.8)  |v 3 
675 |a 539.19(075.8)  |v 3 
675 |a 536.7(075.8)  |v 3 
700 1 |a Тюрин  |b Ю. И.  |c физик  |c профессор Томского политехнического университета, доктор физико-математических наук  |f 1950-  |g Юрий Иванович  |9 7810 
701 1 |a Чернов  |b И. П.  |c физик  |c профессор Томского политехнического университета, доктор физико-математических наук  |f 1935-2025  |g Иван Петрович  |x TPU  |y Томск  |9 3694 
701 1 |a Крючков  |b Ю. Ю.  |c физик  |c профессор Томского политехнического университета, доктор физико-математических наук  |f 1945-  |g Юрий Юрьевич  |9 11694 
801 1 |a RU  |b 63413507  |c 20031223  |g PSBO 
801 2 |a RU  |b 63413507  |c 20230406  |g PSBO 
850 |a 63413507 
942 |c BK